Loreto College Library, Kolkata
WEBOPAC (ONLINE PUBLIC ACCESS CATALOGUE)

Pachrang chola pahar sakhi ri (Record no. 40849)

MARC details
000 -LEADER
fixed length control field 00569nam a22002057a 4500
005 - DATE AND TIME OF LATEST TRANSACTION
control field 20170118130316.0
008 - FIXED-LENGTH DATA ELEMENTS--GENERAL INFORMATION
fixed length control field 170118b xxu||||| |||| 00| 0 eng d
020 ## - ISBN | অাই এস বি এন
ISBN | অাই এস বি এন 9789350729250
PRICE 375
040 ## - CATALOGING SOURCE
Original cataloging agency 375
041 ## - LANGUAGE CODE
Language code Hindi
082 ## - DDC | ডিউই
Classification number | বর্গসংখ্যা 891.431
Book Number | গ্রন্থাঙ্ক MEE-HAD
100 ## - MAIN ENTRY--PERSONAL NAME | মুখ্য সংলেখ - ব্যাক্তিনাম
Personal name | ব্যাক্তিনাম Hada,Madhav
245 ## - TITLE STATEMENT | অাখ্যা বিবরণী
Title | অাখ্যা Pachrang chola pahar sakhi ri
Statement of responsibility | লেখকের দায়িত্বের বিবরণ Madhav Hada
260 ## - IMPRINT | প্রকাশনা ক্ষেত্র
Place of publication | প্রকাশ স্থান New Delhi
Name of publisher | প্রকাশকের নাম Vani Prakakashan
Date of publication | প্রকাশ কাল 2015
300 ## - PHYSICAL DESCRIPTION |
Page / Vol. No | পৃষ্ঠা / খন্ড সংখ্যা 166p.
Other physical details | অনান্য বাহ্যিক বিবরণ ill;22cm
650 ## - SUBJECT ADDED ENTRY--TOPICAL TERM | বিষয় শিরোনাম - মূল বিষয়
Topical term | মূল বিষয় Meerabai-criticism and interpretation
650 ## - SUBJECT ADDED ENTRY--TOPICAL TERM | বিষয় শিরোনাম - মূল বিষয়
Topical term | মূল বিষয় Hindi poetry-criticism and interpretation
850 ## - HOLDING INSTITUTION
Holding institution LCLIB
942 ## - ADDED ENTRY ELEMENTS (KOHA)
Koha item type Books

No items available.